000 00341 a2200157 4500
001 175990
020 _a
040 _cMagnum
100 _aTelles, Carlos Queiroz
240 1 0 _aFerias na draculandia
_lpor
245 1 0 _aFerias na draculandia
362 0 _a1899
440 1 _aFTD
697 _aMAGNITO: IJ/BRUXA, MISTERIO
942 _cBK
999 _c175990
_d175990